| 000 | 00545nam a22001932 4500 | ||
|---|---|---|---|
| 001 | 0000007557 | ||
| 005 | 20151217160114.0 | ||
| 008 | 080215s xx 000 0 eng d | ||
| 020 |
_a8171811078 : _cKES 125 |
||
| 040 |
_aKABU _cKABU |
||
| 100 | 1 |
_aJoseph, Mary. _@0000158814 |
|
| 245 | 1 | 0 |
_aGuglielmo Marconi / _cMary Joseph. |
| 260 |
_aNew Delhi : _bLearners Press, _c1994. |
||
| 300 | _a47 p. | ||
| 600 | 1 | 0 |
_aMarconi, Guglielmo. _@0000158815 |
| 908 | _a080215 | ||
| 950 | _@1 | ||
| 999 |
_c14337 _d14337 |
||